000 01619nam a2200313 a 4500
003 OSt
005 20250422104656.0
007 cr ||||||a|c|a
008 250220s2023 mx a|||fom||| 001 0 spa d
040 _erda
100 1 _aCamarena Robles, Victor Adrian
_9190128
245 1 0 _aImplementación de sensor inercial en robot FANUC LR MATE 200iC en CoppeliaSim con Python en la Universidad Politécnica de Pachuca /
_cpor Victor Adrian Camarena Robles; director de tesis Josué Vicente Cervantes Bazán; secretario José Ramón Soca Cabrera; vocal José Francisco Marín Camacho; suplente Fernando Flores Jiménez; suplente Humberto Sebastián García.
264 1 _aChapingo, México :
_bEl autor,
_c2023.
300 _a1 recurso en línea (73 páginas):
_bfiguras.
336 _2rdacontent
_atexto
_btxt
337 _2rdamedia
_acomputadora
_bc
338 _2rdacarrier
_arecurso en línea
_bcr
502 _bIMtA
_cMecánica
_d2023.
_gLIC
504 _aIncluye referencias bibliográficas: páginas 30-31.
650 4 _aRobots
_xProgramación
_9130873
650 4 _aProcesamiento automático de datos en matemáticas
_991800
700 1 _aCervantes Bazán, Josué Vicente
_9188395
_eDirector de tesis.
700 1 _aSoca Cabrera, José Ramón
_9190130
_eSecretario.
700 1 _aMarin Camacho, José Francisco
_9130601
_eVocal.
700 1 _aFlores Jiménez, Max Fernando
_941598
_eSuplente.
700 1 _aSebastián García, Humberto
_9130101
_eSuplente.
856 _uhttp://10.13.5.2/tesis/tl/1510312-4_CAMARENA_ROBLES_VICTORADRIAN.pdf
_zDESCARGAR PDF
942 _2Clasificación Universidad Autónoma Chapingo
_cTD
999 _c220467
_d220467